<?xml version="1.0" encoding="UTF-8"?>
<record
    xmlns:xsi="http://www.w3.org/2001/XMLSchema-instance"
    xsi:schemaLocation="http://www.loc.gov/MARC21/slim http://www.loc.gov/standards/marcxml/schema/MARC21slim.xsd"
    xmlns="http://www.loc.gov/MARC21/slim">

  <leader>02804nam a2200349 a 4500</leader>
  <controlfield tag="001">000043307</controlfield>
  <controlfield tag="003"> DO-SdBPM</controlfield>
  <controlfield tag="005">20260123105506.0</controlfield>
  <controlfield tag="007">ta</controlfield>
  <controlfield tag="008">140305s2014    dr      001 0 spa d</controlfield>
  <datafield tag="020" ind1=" " ind2=" ">
    <subfield code="a">9789993446279</subfield>
  </datafield>
  <datafield tag="040" ind1=" " ind2=" ">
    <subfield code="a">DO-SdBPM</subfield>
    <subfield code="b">spa</subfield>
    <subfield code="c">BPMSU </subfield>
    <subfield code="d">rda</subfield>
  </datafield>
  <datafield tag="082" ind1=" " ind2="4">
    <subfield code="a">801.92</subfield>
    <subfield code="b">R789i 2014</subfield>
    <subfield code="2">22</subfield>
  </datafield>
  <datafield tag="100" ind1="1" ind2=" ">
    <subfield code="a">Rosario Candelier, Bruno,</subfield>
    <subfield code="d">1941-</subfield>
    <subfield code="e">autor </subfield>
    <subfield code="4">aut. </subfield>
  </datafield>
  <datafield tag="245" ind1="1" ind2="3">
    <subfield code="a">La intuici&#xF3;n cu&#xE1;ntica de la creaci&#xF3;n :</subfield>
    <subfield code="b">teor&#xED;a metaf&#xED;sica y simb&#xF3;lica de la obra literaria /</subfield>
    <subfield code="c">Bruno Rosario Candelier.</subfield>
  </datafield>
  <datafield tag="264" ind1=" " ind2=" ">
    <subfield code="a">Santo Domingo :</subfield>
    <subfield code="b">Academia Dominicana de la Lengua,</subfield>
    <subfield code="c">2014.</subfield>
  </datafield>
  <datafield tag="300" ind1=" " ind2=" ">
    <subfield code="a">458 p&#xE1;ginas ;</subfield>
    <subfield code="c">24 cm.</subfield>
  </datafield>
  <datafield tag="336" ind1=" " ind2=" ">
    <subfield code="a">texto</subfield>
    <subfield code="b">txt</subfield>
    <subfield code="2">rdacontent</subfield>
  </datafield>
  <datafield tag="337" ind1=" " ind2=" ">
    <subfield code="a">sin mediaci&#xF3;n</subfield>
    <subfield code="b">n</subfield>
    <subfield code="2">rdamedia</subfield>
  </datafield>
  <datafield tag="338" ind1=" " ind2=" ">
    <subfield code="a">volumen</subfield>
    <subfield code="b">nc</subfield>
    <subfield code="2">rdacarrier</subfield>
  </datafield>
  <datafield tag="490" ind1="0" ind2=" ">
    <subfield code="a">Por las amenas liras</subfield>
  </datafield>
  <datafield tag="500" ind1=" " ind2=" ">
    <subfield code="a">Incluye datos biogr&#xE1;ficos del autor en la solapa de la cubierta.</subfield>
  </datafield>
  <datafield tag="505" ind1="0" ind2=" ">
    <subfield code="a">El conocimiento intuitivo en el arte de la creaci&#xF3;n. Intuiciones y vivencias en el arte literario. Claves cu&#xE1;nticas y est&#xE9;ticas de la creaci&#xF3;n, 9.-- Percepci&#xF3;n intuitiva y simb&#xF3;lica en la creaci&#xF3;n literaria, 35.-- Intuici&#xF3;n metaf&#xED;sica y simb&#xF3;lica en el arte de la creaci&#xF3;n, 49.-- Voz personal, subjetiva y universal en la gestaci&#xF3;n de la obra, 63.-- Formaci&#xF3;n, intuici&#xF3;n y revelaci&#xF3;n en el arte de creaci&#xF3;n, 73.-- La formaci&#xF3;n intelectual y est&#xE9;tica, 85.-- Vertiente conceptual y operativa de la obra de creaci&#xF3;n, 97.-- El arte de la creaci&#xF3;n po&#xE9;tica. La v&#xED;a intuitiva del conocimiento, 111.-- La poes&#xED;a como intuici&#xF3;n de lo profundo. Conocimiento y vivencia de lo absoluto, 125.-- El conocimiento del mundo en la creaci&#xF3;n metaf&#xED;sica y cu&#xE1;ntica, 147.-- Perspectiva metaf&#xED;sica y cu&#xE1;ntica en la creaci&#xF3;n l&#xED;rica y simb&#xF3;lica, 163.-- La inspiraci&#xF3;n literaria a la luz de la realidad cu&#xE1;ntica, 173.-- Temas literarios complementarios. El protocolo narrativo en el arte de la novelaci&#xF3;n, 201.-- El sentido de la cr&#xED;tica literaria, 229.-- Presentaci&#xF3;n del poemario Navegar en lo seco de No&#xE9; Zayas, 241.-- Metaf&#xED;sica de la revelaci&#xF3;n en la poes&#xED;a de Pedro Jos&#xE9; Gris, 265.-- Presentaci&#xF3;n de S&#xED;nsoras, obra po&#xE9;tica de Jos&#xE9; Luis Vega, 281.-- Di&#xE1;logo sobre la creaci&#xF3;n literaria, 289.-- Di&#xE1;logo sobre la metaf&#xED;sica y la creaci&#xF3;n, 299.-- Cartas y correos del Interiorismo. Cartas y correos del Interiorismo, 323.-- Conclusi&#xF3;n. Presentaci&#xF3;n de la belleza y el sentido, 447.-- Bruno Rosario Candelier, 453.</subfield>
  </datafield>
  <datafield tag="590" ind1=" " ind2=" ">
    <subfield code="a">Inventariado, 2026/ VM</subfield>
  </datafield>
  <datafield tag="650" ind1=" " ind2="7">
    <subfield code="a">Creaci&#xF3;n literaria, art&#xED;stica, etc.</subfield>
  </datafield>
  <datafield tag="650" ind1=" " ind2="7">
    <subfield code="a">Poes&#xED;a dominicana</subfield>
  </datafield>
  <datafield tag="650" ind1=" " ind2="7">
    <subfield code="a">Literatura dominicana</subfield>
    <subfield code="x">Historia y cr&#xED;tica</subfield>
  </datafield>
  <datafield tag="650" ind1=" " ind2="7">
    <subfield code="a">Autores dominicanos</subfield>
    <subfield code="x">Cr&#xED;tica e interpretaci&#xF3;n</subfield>
  </datafield>
  <datafield tag="710" ind1="2" ind2=" ">
    <subfield code="a">Academia Dominicana de la Historia </subfield>
  </datafield>
  <datafield tag="910" ind1=" " ind2=" ">
    <subfield code="a">VMateo V. Control de la calidad BPMSU </subfield>
  </datafield>
  <datafield tag="942" ind1=" " ind2=" ">
    <subfield code="2">ddc</subfield>
    <subfield code="c">BK</subfield>
  </datafield>
  <datafield tag="952" ind1=" " ind2=" ">
    <subfield code="0">0</subfield>
    <subfield code="1">0</subfield>
    <subfield code="2">ddc</subfield>
    <subfield code="7">0</subfield>
    <subfield code="8">CD</subfield>
    <subfield code="a">BPMET</subfield>
    <subfield code="b">BPMET</subfield>
    <subfield code="d">2026-01-23</subfield>
    <subfield code="l">0</subfield>
    <subfield code="o">BPMSU CD 801.92 R789i 2014</subfield>
    <subfield code="p">BPMSU26010035</subfield>
    <subfield code="r">2026-01-23</subfield>
    <subfield code="w">2026-01-23</subfield>
    <subfield code="y">BK</subfield>
  </datafield>
  <datafield tag="999" ind1=" " ind2=" ">
    <subfield code="c">15621</subfield>
    <subfield code="d">15621</subfield>
  </datafield>
</record>
